Countries of the World - 45 Second Sprint - Statistics

General Stats
  • This quiz has been taken 3,071 times
  • The average score is 32 of 196
Answers on the Map
Answers color-coded by a green-red scale on the quiz's map according to % correct below.
 
Answer Stats
country % Correct
United States
91%
United Kingdom
83%
Russia
76%
Canada
68%
China
66%
Spain
64%
France
62%
Mexico
61%
India
58%
Brazil
52%
Japan
52%
Italy
50%
Ireland
49%
Sweden
49%
Iceland
47%
Norway
46%
Chile
45%
Finland
45%
Peru
43%
Australia
41%
United Arab Emirates
41%
Germany
40%
Portugal
40%
Argentina
39%
Cuba
37%
Democratic Republic of the Congo
37%
Poland
36%
Iran
35%
Denmark
33%
Chad
32%
Iraq
31%
Ukraine
31%
Congo
29%
Estonia
28%
Oman
27%
Dominican Republic
26%
Egypt
26%
Niger
26%
Austria
25%
Central African Republic
25%
Latvia
24%
Greece
23%
Mali
23%
Yemen
23%
Israel
22%
Togo
22%
Fiji
21%
Nigeria
21%
Sudan
21%
Laos
20%
Mongolia
20%
Libya
19%
Lithuania
19%
Nepal
19%
Tonga
19%
Algeria
18%
Haiti
18%
Malta
18%
New Zealand
18%
Monaco
17%
Tunisia
17%
Turkey
17%
Benin
16%
Bolivia
16%
Colombia
16%
Ecuador
16%
Indonesia
16%
Panama
16%
South Korea
16%
Hungary
15%
Nauru
15%
Qatar
15%
Saudi Arabia
15%
Thailand
15%
Uruguay
15%
Vatican City
15%
Bhutan
14%
Palau
14%
Samoa
14%
Slovakia
14%
Pakistan
13%
South Africa
13%
Taiwan
13%
Ghana
12%
Jamaica
12%
Jordan
12%
North Korea
12%
Paraguay
12%
Andorra
11%
Bahamas
11%
Belgium
11%
Papua New Guinea
11%
Romania
11%
Syria
11%
Vietnam
11%
Belarus
10%
Belize
10%
Morocco
10%
Netherlands
10%
Tuvalu
10%
Bahrain
9%
Cambodia
9%
Croatia
9%
Kenya
9%
Kuwait
9%
Slovenia
9%
Sri Lanka
9%
Venezuela
9%
Angola
8%
Costa Rica
8%
Dominica
8%
Kazakhstan
8%
Lebanon
8%
Malaysia
8%
South Sudan
8%
Vanuatu
8%
Bosnia and Herzegovina
7%
Brunei
7%
Ethiopia
7%
Guatemala
7%
Guyana
7%
Honduras
7%
Malawi
7%
Serbia
7%
Singapore
7%
Somalia
7%
Albania
6%
Armenia
6%
Cyprus
6%
Czechia
6%
Gabon
6%
Gambia
6%
Kiribati
6%
Liberia
6%
Myanmar
6%
Nicaragua
6%
Philippines
6%
Suriname
6%
Switzerland
6%
Uganda
6%
Bangladesh
5%
Barbados
5%
Bulgaria
5%
Cameroon
5%
El Salvador
5%
Georgia
5%
Grenada
5%
Guinea
5%
Lesotho
5%
Micronesia
5%
Rwanda
5%
Saint Kitts and Nevis
5%
Tanzania
5%
Afghanistan
4%
Antigua and Barbuda
4%
Kosovo
4%
Luxembourg
4%
Madagascar
4%
Moldova
4%
Namibia
4%
Saint Lucia
4%
Saint Vincent and the Grenadines
4%
San Marino
4%
Trinidad and Tobago
4%
Zambia
4%
Botswana
3%
Burundi
3%
Comoros
3%
Eritrea
3%
Eswatini
3%
Maldives
3%
Mauritania
3%
Senegal
3%
Seychelles
3%
Timor-Leste
3%
Azerbaijan
2%
Cabo Verde
2%
Côte d'Ivoire
2%
Djibouti
2%
Kyrgyzstan
2%
Liechtenstein
2%
Macedonia
2%
Marshall Islands
2%
Mauritius
2%
Montenegro
2%
Mozambique
2%
São Tomé and Príncipe
2%
Solomon Islands
2%
Uzbekistan
2%
Zimbabwe
2%
Burkina Faso
1%
Equatorial Guinea
1%
Guinea-Bissau
1%
Sierra Leone
1%
Tajikistan
1%
Turkmenistan
1%
No matching quizzes found
Score Distribution
Percent of People with Each Score
Percentile by Number Answered
Your Score History
You have not taken this quiz